Detalles MARC
| 000 -LÍDER |
| Campo fijo de descripción fija |
01266cam a2200277 i 4500 |
| 001 - NÚMERO DE CONTROL |
| Campo de control |
15001 |
| 003 - IDENTIFICADOR DEL NÚMERO DE CONTROL |
| Campo de control |
CO-MdBIC |
| 005 - FECHA Y HORA DE LA ULTIMA TRANSACCIÓN |
| control field |
20231122113202.0 |
| 008 - ELEMENTOS DE LONGITUD FIJA -- INFORMACIÓN GENERAL |
| Campo fijo de descripción fija -- Información general |
231122t2008 ag ||g |||| 00| 0 spa d |
| 020 ## - NÚMERO INTERNACIONAL NORMALIZADO PARA LIBROS |
| Número Internacional Normalizado del libro |
978-987-1355-12-9 : 25.000 |
| 040 ## - FUENTE DE CATALOGACIÓN |
| Idioma de catalogación |
spa. |
| Agencia de catalogación original |
CO-MdFUSB |
| Agencia que realiza la transcripción |
CO-MdFUSB |
| Agencia que realiza la modificación |
CO-MdFUSBC |
| Convenciones de la descripción |
rda |
| 041 ## - CÓDIGO DE IDIOMA |
| Código de idioma para texto/pista de sonido o título separado |
spa |
| 082 04 - NÚMERO DE CLASIFICACIÓN DECIMAL DEWEY |
| Número de clasificación |
G 230.209 B9424n |
| 245 10 - TÍTULO |
| Título del Material |
Los niños en el pensamiento evangélico / editado por Marcia J. Bunge ; dirigido por René Padilla |
| Mención de responsabilidad, etc. |
/ |
| 264 #1 - PRODUCCIÓN, PUBLICACIÓN, DISTRIBUCIÓN, MANUFACTURA, Y COPYRIGHT |
| Lugar de producción, publicación, distribución, manufactura |
Kairós: |
| Nombre del productor, publicador, distribuidor |
kairós, |
| Fecha de producción, publicación, distribución, manufactura, o copyright |
[2008] |
| 264 #4 - PRODUCCIÓN, PUBLICACIÓN, DISTRIBUCIÓN, MANUFACTURA, Y COPYRIGHT |
| Fecha de producción, publicación, distribución, manufactura, o copyright |
©2008 |
| 300 ## - DESCRIPCIÓN FÍSICA |
| Extensión |
192 p. |
| Dimensiones |
; |
| 336 ## - TIPO DE CONTENIDO |
| Término de tipo de contenido |
texto |
| Código de tipo de contenido |
txt |
| Fuente |
rdacontent |
| 337 ## - TIPO DE MEDIO |
| Fuente |
rdamedia |
| Nombre del tipo de medio |
sin mediación |
| Código del tipo de medio |
n |
| 338 ## - TIPO DE SOPORTE |
| Fuente |
rdacarrier |
| Nombre del tipo de soporte |
volumen |
| Código Tipo de soporte |
nc |
| 505 00 - NOTA DE CONTENIDO |
| Nota de contenido con formato preestablecido |
Los más pequeños y más grandes: los niños en el Nuevo Testamento - El niño en la teología de Lutero - La herencia del Señor: los niños en la teología de Juan Calvino - La inocencia compleja, la formación obligatoria y el cuidado paternal: "El niño" en la obra de Menno Simons Keith Graber Miller |
| 650 14 - ASIENTO SECUNDARIO DE MATERIA - TERMINO TEMÁTICO |
| Término temático o nombre geográfico como elemento de entrada |
EVANGELIZACION \ NIÑOS - TEOLOGIA \ PENSAMIENTO RELIGIOSO - NIÑOS \ NIÑOS (TEOLOGIA CRISTIANA) |
| 653 ## - TÉRMINO DE INDIZACIÓN - NO CONTROLADO |
| Término no controlado |
EVANGELIZACION \ NIÑOS - TEOLOGIA \ PENSAMIENTO RELIGIOSO - NIÑOS \ NIÑOS (TEOLOGIA CRISTIANA) |
| 942 ## - TIPO DE MATERIAL (KOHA) |
| Tipo de Item KOHA |
Libros General |
| 945 ## - INFORMACIÓN LOCAL DEL REGISTRO |
| Catalogador |
Diego1276 |